000 00473nam a22001817a 4500
001 TVUNI
005 20260126014645.0
008 221102s2009 vm vie d
020 _c55000
040 _aTVUNI
_eAACR2
041 0 _avie
100 1 _aĐoàn, Xuân Tiên
245 1 0 _aGiáo trình Nguyên Lý Kế Toán /
_cĐoàn Xuân Tiên
260 _aHà Nội :
_bTài Chính,
_c2009
300 _a323 tr. ;
_c24 cm.
942 _2ddc
_cBK
999 _c2476
_d2476
912 _a1
_bHiển Phạm